Влияние олова и никеля на ликвацию свинца в свинцовистой бронзе; Высокие технологии в современной науке и технике (ВТСНТ-2017)

Detalles Bibliográficos
Parent link:Высокие технологии в современной науке и технике (ВТСНТ-2017).— 2017.— [С. 69-70]
Autor principal: Клочков Н. С. Николай Сергеевич
Autor Corporativo: Национальный исследовательский Томский политехнический университет (ТПУ) Институт физики высоких технологий (ИФВТ) Кафедра материаловедения и технологии металлов (МТМ)
Otros Autores: Егоров Ю. П. Юрий Петрович (научный руководитель)
Sumario:Заглавие с титульного экрана
Lenguaje:ruso
Publicado: 2017
Colección:Технологии материалов новых поколений и наноматериалов
Materias:
Acceso en línea:http://earchive.tpu.ru/handle/11683/45474
Formato: MixedMaterials Electrónico Capítulo de libro
KOHA link:https://koha.lib.tpu.ru/cgi-bin/koha/opac-detail.pl?biblionumber=625307

MARC

LEADER 00000naa2a2200000 4500
001 625307
005 20231227124706.0
035 |a (RuTPU)RU\TPU\conf\24567 
035 |a RU\TPU\conf\24565 
090 |a 625307 
100 |a 20171211d2017 k y0rusy50 ca 
101 0 |a rus 
102 |a RU 
105 |a y z 101zy 
135 |a drgn ---uucaa 
181 0 |a i  
182 0 |a b 
200 1 |a Влияние олова и никеля на ликвацию свинца в свинцовистой бронзе  |f Н. С. Клочков, Ю. П. Егоров  |g науч. рук. Ю. П. Егоров 
203 |a Текст  |c электронный 
225 1 |a Технологии материалов новых поколений и наноматериалов 
300 |a Заглавие с титульного экрана 
320 |a [Библиогр.: с. 70 (6 назв.)] 
463 1 |0 (RuTPU)RU\TPU\conf\24481  |t Высокие технологии в современной науке и технике (ВТСНТ-2017)  |o сборник научных трудов VI Международной научно-технической конференции молодых ученых, аспирантов и студентов, г. Томск, 27–29 ноября 2017 г.  |f Национальный исследовательский Томский политехнический университет (ТПУ) ; под ред. А. Н. Яковлева  |v [С. 69-70]  |d 2017 
610 1 |a электронные ресурсы 
610 1 |a труды учёных ТПУ 
610 1 |a антифрикционные свойства 
610 1 |a кристаллизация 
610 1 |a шихтовые материалы 
610 1 |a электронные микроскопы 
610 1 |a микроанализаторы 
610 1 |a дифракционные элементы 
700 1 |a Клочков  |b Н. С.  |c специалист в области материаловедения  |c инженер Томского политехнического университета  |f 1990-  |g Николай Сергеевич  |3 (RuTPU)RU\TPU\pers\35451 
701 1 |a Егоров  |b Ю. П.  |c специалист в области машиностроения  |c заведующий лабораторией Томского политехнического университета, кандидат технических наук  |f 1948-  |g Юрий Петрович  |3 (RuTPU)RU\TPU\pers\26535  |9 12229 
702 1 |a Егоров  |b Ю. П.  |c специалист в области машиностроения  |c доцент Томского политехнического университета, кандидат технических наук  |f 1948-  |g Юрий Петрович  |4 727 
712 0 2 |a Национальный исследовательский Томский политехнический университет (ТПУ)  |b Институт физики высоких технологий (ИФВТ)  |b Кафедра материаловедения и технологии металлов (МТМ)  |3 (RuTPU)RU\TPU\col\18689 
801 2 |a RU  |b 63413507  |c 20171220  |g RCR 
856 4 |u http://earchive.tpu.ru/handle/11683/45474 
942 |c BK